Solar radiations and the earth (Record no. 4411)

MARC details
000 -LEADER
fixed length control field 00684nam a2200181Ia 4500
003 - CONTROL NUMBER IDENTIFIER
control field IN-BaIIA
008 - FIXED-LENGTH DATA ELEMENTS--GENERAL INFORMATION
fixed length control field 211028s9999 xx 000 0 eng d
040 ## - CATALOGING SOURCE
Transcribing agency IIA Library
080 ## - UNIVERSAL DECIMAL CLASSIFICATION NUMBER
Universal Decimal Classification number 523.9-7
Item number SOL
111 ## - MAIN ENTRY--MEETING NAME
Meeting name or jurisdiction name as entry element Symposium on Solar Radiations and the Earth
Location of meeting Delhi
Date of meeting or treaty signing 1971 Jun. 21-26
9 (RLIN) 7709
245 #0 - TITLE STATEMENT
Title Solar radiations and the earth
Remainder of title proceedings of the symposium on solar radiations and the earth held at Delhi University, Delhi, June 21-26, 1971
Statement of responsibility, etc. edited by J. N. Tandon
260 ## - PUBLICATION, DISTRIBUTION, ETC.
Place of publication, distribution, etc. Delhi
Name of publisher, distributor, etc. Hindustan Publishing
Date of publication, distribution, etc. 1973
300 ## - PHYSICAL DESCRIPTION
Extent x, 342p.
650 ## - SUBJECT ADDED ENTRY--TOPICAL TERM
Topical term or geographic name entry element Astronomy and astrophysics thesaurus
650 ## - SUBJECT ADDED ENTRY--TOPICAL TERM
Topical term or geographic name entry element Solar activity
9 (RLIN) 1424
700 ## - ADDED ENTRY--PERSONAL NAME
Personal name Tandon, J. N., ed.
9 (RLIN) 7710
942 ## - ADDED ENTRY ELEMENTS (KOHA)
Koha item type Books
Holdings
Withdrawn status Lost status Damaged status Not for loan Home library Current library Shelving location Date acquired Total Checkouts Full call number Barcode Date last seen Price effective from Koha item type
        IIA Library-Bangalore IIA Library-Bangalore General Stacks 27/05/1974   523.9-7/ SOL 4923 05/11/2021 27/05/1974 Books

Powered by Koha